Un médico en el Congreso de la Independencia Argentina /

Guardado en:
Autor Principal: Díaz Trigo, Alfonso.
Formato: Libro
Publicado: Buenos Aires : Facultad de Ciencias Médicas de Buenos Aires, 1966.
Materias:
Etiquetas: Agregar Etiqueta
Sin Etiquetas, Sea el primero en etiquetar este registro!
LEADER 00538nam a22001455a 4500
001 EHU.bham014342
008 130507s1966##################000#0#####d
005 20250218103121.0
245 1 0 |a Un médico en el Congreso de la Independencia Argentina /  |c Alfonso Díaz Trigo. 
260 |a Buenos Aires :  |b Facultad de Ciencias Médicas de Buenos Aires,  |c 1966. 
100 1 |a Díaz Trigo, Alfonso. 
082 9 8 |a 982.03 
653 |a Historia argentina 
653 |a Independencia argentina-1816 
859 |a AR-BHAM  |b BIB. HUMANIDADES - General  |h 982.03  |i D543  |p 413.67  |t Ej.1